LEADER 01538nam a2200349 a 4500 001 000000122525 003 CaOOAMICUS 005 20100719111356.0 008 100719t2010 it aboe u000 u ita r 040 $aPUL$bita$dReb 041 1 $aita$heng 082 04$a930 100 1 $aWisdom, Stephen.$0(OLS)http://pul/name/76924 240 10$aGladiators$lItaliano.$0(OLS)http://pul/title/154374 245 12$aI gladiatori /$cStephen Wisdom ; illustrazioni Angus mcBride. 260 $aMilano :$bRBA Italia,$cİ2010. 300 $a72 p. :$bill., c. geogr., foto ;$c25 cm. 490 1 $aRoma e Grecia$aLe battaglie, gli eserciti, i grandi condottieri 490 1 $aRoma$aL'Impero IV 500 $aPubblicazione periodica settimanale. 504 $aInclude bibliografia ed indice. 651 4$aRoma$xVita e costumi sociali.$0(OLS)http://pul/subject/696 651 4$aRoma$xStoria$y509 a. C. - 681 d. C.$0(OLS)http://pul/subject/37103 700 1 $aMcBride, Angus.$0(OLS)http://pul/name/75866 830 0$aRoma e Grecia$pLe battaglie, gli eserciti, i grandi condottieri.$0(OLS)http://pul/title/150360 830 0$aRoma$pL'Impero IV.$0(OLS)http://pul/title/154375 850 $aPUL 852 $aPUL$W1$xDP2 Filosofia 3$y112$m930 COLL 2.18$j140726$qDDC 21$q $B139814$CPULBib$Z2$F139814 $H114391 $81 941 1 $a9 996 $6082$a930$9(OLS)http://pul/classification/398 996 $6245$aI gladiatori$9(OLS)http://pul/title/154373 996 $6260$aMilano :$bRBA Italia$9(OLS)http://pul/publisher/80118 LEADER 00998nam a2200253 u 4500 001 000000063445 003 CaOOAMICUS 005 20070226121239.0 008 011026s1956 ag u000 u spa u 035 $a10907908 040 $aPUL(R)$bita 100 1 $aCaturelli, Alberto.$0(OLS)http://pul/name/2144 245 13$aEl hombre y la historia :$bfilosofia y teologia de la historia /$cAlberto Caturelli. 260 $aBuenos Aires :$bGuadalupe,$c1956. 300 $a344 p. ;$c25 cm 500 $aContiene indice. 504 $aBibliografia in nota. 650 4$aTeologia e filosofia.$0(OLS)http://pul/subject/121 850 $aPUL 852 $aPUL$W1$xDP2 Religione 1$y63$m72 D 36$j82343$nBK-PRI$qStampati$B82343$CPULBib$Z2$F82343 $H20361 $82 941 1 $a8 961 $aINV: 20361 996 $6245$aEl hombre y la historia :$bfilosofia y teologia de la historia$9(OLS)http://pul/title/84595 996 $6260$aBuenos Aires :$bGuadalupe$9(OLS)http://pul/publisher/70622